Statystyki dla Ptaki stwierdzone w Polsce

Kliknij tutaj aby rozwiązać quiz!

Ogólne statystyki

  • Ten quiz został rozwiązany 52 razy
  • Średni wynik to 132 z 471

Statystyki odpowiedzi

Odpowiedź% Poprawnych
wróbel
92%
bocian biały
84%
bocian czarny
84%
bogatka
76%
kruk
76%
bielik
72%
sroka
72%
zimorodek
72%
żuraw
72%
czapla siwa
68%
gawron
68%
jer
68%
kawka
68%
łabędź niemy
68%
modraszka
68%
bażant
64%
kos
64%
krzyżówka
64%
mazurek
64%
skowronek
64%
dudek
60%
kukułka
60%
łabędź krzykliwy
60%
myszołów
60%
puchacz
60%
sikora uboga
60%
sójka
60%
szpak
60%
czyż
56%
dzięcioł duży
56%
dzięcioł zielony
56%
gil
56%
głuszec
56%
jastrząb
56%
kszyk
56%
kuropatwa
56%
orzeł przedni
56%
pliszka siwa
56%
zięba
56%
cietrzew
52%
czajka
52%
czapla biała
52%
dzięcioł czarny
52%
gęgawa
52%
rudzik
52%
śpiewak
52%
żołna
52%
batalion
48%
cyraneczka
48%
czarnowron
48%
dzięcioł średni
48%
grzywacz
48%
kokoszka
48%
kormoran
48%
kraska
48%
perkoz dwuczuby
48%
pliszka żółta
48%
płomykówka
48%
przepiórka
48%
pustułka
48%
sosnówka
48%
szczygieł
48%
wrona siwa
48%
alka
44%
błotniak stawowy
44%
cyranka
44%
czubatka
44%
dzięciołek
44%
gągoł
44%
gołąb miejski
44%
kania ruda
44%
kowalik
44%
pleszka
44%
puszczyk
44%
puszczyk mszarny
44%
sierpówka
44%
słonka
44%
turkawka
44%
bernikla kanadyjska
40%
błotniak łąkowy
40%
błotniak zbożowy
40%
drop
40%
dzwoniec
40%
jerzyk
40%
kobuz
40%
kopciuszek
40%
kulik wielki
40%
kwiczoł
40%
mysikrólik
40%
ohar
40%
orzełek
40%
ostrygojad
40%
płaskonos
40%
podróżniczek
40%
rożeniec
40%
sęp płowy
40%
siniak
40%
ślepowron
40%
sokół wędrowny
40%
świstun
40%
trzciniak
40%
trznadel
40%
uszatka
40%
włochatka
40%
bekasik
36%
biegus zmienny
36%
czarnogłówka
36%
czernica
36%
dymówka
36%
dzięcioł zielonosiwy
36%
dzierlatka
36%
dziwonia
36%
flaming różowy
36%
gadożer
36%
gęś białoczelna
36%
głowienka
36%
jarząbek
36%
jemiołuszka
36%
kania czarna
36%
krakwa
36%
krętogłow
36%
krogulec
36%
kulczyk
36%
kulik mniejszy
36%
łabędź czarnodzioby
36%
lelek
36%
lerka
36%
lodówka
36%
łyska
36%
makolągwa
36%
mandarynka
36%
markaczka
36%
maskonur
36%
orlik krzykliwy
36%
ortolan
36%
pełzacz leśny
36%
perkozek
36%
pliszka górska
36%
puszczyk uralski
36%
raróg
36%
rycyk
36%
sowa śnieźna
36%
sóweczka
36%
świergotek drzewny
36%
trzcinniczek
36%
wilga
36%
alczyk
32%
bączek
32%
bąk
32%
biegus malutki
32%
biegus mały
32%
bielaczek
32%
błotniak stepowy
32%
brzegówka
32%
czapla nadobna
32%
czapla purpurowa
32%
derkacz
32%
dubelt
32%
dzięcioł białoszyi
32%
edredon
32%
gęś mała
32%
grubodziób
32%
kormoran mały
32%
mewa mała
32%
mewa śmieszka
32%
muchołówka mała
32%
nagórnik
32%
nurnik
32%
nur rdzawoszyi
32%
nurzyk
32%
oknówka
32%
paszkot
32%
pełzacz ogrodowy
32%
piegża
32%
pliszka cytrynowa
32%
płochacz halny
32%
podgorzałka
32%
pójdźka
32%
pustułeczka
32%
raniuszek
32%
rybitwa białoczelna
32%
rybitwa białoskrzydła
32%
rybitwa czarna
32%
sieweczka obrożna
32%
sikora lazurowa
32%
słowik szary
32%
strepet
32%
syczek
32%
uhla
32%
uszatka błotna
32%
warzęcha
32%
wodnik
32%
zausznik
32%
zielonka
32%
zniczek
32%
bernikla obrożna
28%
bernikla rdzawoszyja
28%
białorzytka
28%
białozór
28%
biegus krzywodzioby
28%
biegus rdzawy
28%
brzęczka
28%
czajka towarzyska
28%
czapla modronosa
28%
czapla złotawa
28%
droździk
28%
dzięcioł białogrzbiety
28%
dzięcioł trójpalczasty
28%
gęś krótkodzioba
28%
gęś tundrowa
28%
hełmiatka
28%
ibis kasztanowaty
28%
jarzębatka
28%
kapturka
28%
kobczyk
28%
kormoran czubaty
28%
kulik cienkodzioby
28%
kulon
28%
myszołów włochaty
28%
nur czarnoszyi
28%
ogorzałka
28%
orlik grubodzioby
28%
orzechówka
28%
perkoz rdzawoszyi
28%
pierwiosnek
28%
pluszcz
28%
pokrzewka aksamitna
28%
potrzeszcz
28%
potrzos
28%
remiz
28%
rybitwa białowąsa
28%
rybitwa rzeczna
28%
rybitwa wielkodzioba
28%
sęp kasztanowaty
28%
sieweczka rzeczna
28%
siewka złota
28%
słowik rdzawy
28%
srokosz
28%
sterniczka
28%
świergotek polny
28%
świerszczak
28%
tamaryszka
28%
trzmielojad
28%
turkawka wschodnia
28%
wodniczka
28%
bernikla białolica
24%
birginiak
24%
czeczotka
24%
czerniczka
24%
drozd obrożny
24%
dzierzba czarnoczelna
24%
dzierzba rudogłowa
24%
gąsiorek
24%
głuptak
24%
kazarka rdzawa
24%
kropiatka
24%
krwawodziób
24%
krzyżodziób sosnowy
24%
krzyżodziób świerkowy
24%
kurhannik
24%
lodowiec
24%
mewa blada
24%
mewa orlica
24%
mewa siwa
24%
mewa srebrzysta
24%
mewa trójpalczasta
24%
mewa żółtonoga
24%
muchołówka szara
24%
orłosęp
24%
orzeł cesarski
24%
orzeł stepowy
24%
perkoz rogaty
24%
piecuszek
24%
pomurnik
24%
poświerka
24%
rokitniczka
24%
samotnik
24%
siwerniak
24%
śnieguła
24%
sowa jarzębata
24%
strumieniówka
24%
strzyżyk
24%
świergotek łąkowy
24%
szczudłak
24%
trzcinniczek kaspijski
24%
wydrzyk wielki
24%
żuraw stepowy
24%
biegus morski
20%
biegus płaskodzioby
20%
brodziec piskliwy
20%
cierniówka
20%
cyraneczka karolińska
20%
drzemlik
20%
edredon turkan
20%
fulmar
20%
górniczek
20%
junko
20%
kalandra szara
20%
kaniuk
20%
karliczka
20%
kląskawka
20%
krzyżodziób modrzewiowy
20%
łęczak
20%
łozówka
20%
łuskowiec
20%
mewa białogłowa
20%
mewa romańska
20%
mewa siodłata
20%
modraczek
20%
nawałnik burzowy
20%
pardwa mszarna
20%
pelikan kędzierzawy
20%
piaskowiec
20%
pokląskwa
20%
pokrzywnica
20%
rybitwa czubata
20%
rybitwa różowa
20%
sieweczka morska
20%
śnieżka
20%
sokół skalny
20%
świergotek nadmorski
20%
świstunka leśna
20%
szlamnik
20%
wąsatka
20%
wójcik
20%
wróbel skalny
20%
wydrzyk ostrosterny
20%
wydrzyk tęposterny
20%
zaganiacz
20%
białorzytka pstra
16%
biegus wielki
16%
brodziec plamisty
16%
brodziec śniady
16%
burzyk szary
16%
czajka stepowa
16%
gajówka
16%
jerzyk alpejski
16%
kalandra czarna
16%
kazarka egipska
16%
kwokacz
16%
markaczka amerykańska
16%
mewa rożowa
16%
muchołówka białoszyja
16%
nawałnik duży
16%
nur białodzioby
16%
nurzyk polarny
16%
orzeł południowy
16%
osetnik
16%
pasterz
16%
pelikan różowy
16%
pustynnik
16%
rybaczek srokaty
16%
rybitwa popielata
16%
rzepołuch
16%
ścierwnik
16%
sieweczka mongolska
16%
siewka szara
16%
siewka złotawa
16%
siewnica
16%
świergotek rdzawogardły
16%
świerszczak melodyjny
16%
świstunka grubodzioba
16%
świstunka złotawa
16%
szablodziób
16%
terekia
16%
uhla garbonosa
16%
wieszczek
16%
białorzytka pustynna
12%
biegus arktyczny
12%
biegus karłowaty
12%
biegus płowy
12%
bielik wschodni
12%
brodziec pławny
12%
brodziec żółtonogi
12%
cyranka modroskrzydła
12%
czeczotka tundrowa
12%
drozd rdzawy
12%
głuszek
12%
jaskółka rudawa
12%
jaskółka skalna
12%
jerzyk blady
12%
kamieniuszka
12%
kamusznik
12%
kląskawka syberyjska
12%
krogulec krótkonogi
12%
mewa karaibska
12%
mewa obrożna
12%
mewa ochocka
12%
mewa śródziemnomorska
12%
mornel
12%
muchołówka żałobna
12%
nur pacyficzny
12%
ogorzałka mała
12%
perkozek grubodzioby
12%
płatkonóg płaskodzioby
12%
pokrzewka iberyjska
12%
raróg górski
12%
skowrończyk krótkopalcowy
12%
słowik syberyjski
12%
świergotek szponiasty
12%
świstun amerykański
12%
trznadel czubaty
12%
trznadelek
12%
trznadel rudogłowy
12%
trznadel złotawy
12%
wireonek czerwonooki
12%
wydrzyk długosterny
12%
zaganiacz blady
12%
zaroślówka
12%
bajkałówka
8%
białorzytka saharyjska
8%
biegus białorzytny
8%
biegus tundrowy
8%
brodziec piegowaty
8%
cierlik
8%
drozd czarnogardły
8%
drozdoń tajgowy
8%
drozd rdzawoskrzydły
8%
dzierzba pustynna
8%
gęś zborzowa
8%
mewa cienkodzioba
8%
mewa polarna
8%
płatkonóg szydłodzioby
8%
pokrzewka wąsata
8%
sieweczka pustynna
8%
skowrończyk mały
8%
srokosz północny
8%
sterniczka jamajska
8%
świergotek tajgowy
8%
świstunka brunatna
8%
świstunka górska
8%
świstunka północna
8%
świstunka żółtawa
8%
trznadel białogłowy
8%
trznadel czarnogłowy
8%
zaganiacz mały
8%
żwirowiec łąkowy
8%
żwirowiec stepowy
8%
bagiennik żółtobrewy
4%
białorzytka płowa
4%
burzyk północny
4%
burzyk żółtodzioby
4%
drozd oliwkowy
4%
dzierzba rdzawosterna
4%
gilak pustynny
4%
hubara egipska
4%
kalandra dwuplamista
4%
mewa modrodzioba
4%
mewa popielata
4%
oceannik żółtopłetwy
4%
sieweczka długonoga
4%
świergotek stepowy
4%
świstunka ałtajska
4%
szlamiec długodzioby
4%
trznadel złotobrewy
4%
zaganiacz szczebiotliwy
4%
białorzytka maskowa
0%
biegus długoskrzydła
0%
burzyk belearski
0%
czajka szponiatsa
0%
drozdaczek ciemny
0%
drozd rdzwogardły
0%
mewa delarawksa
0%
nurogęś slachar
0%
płochacz czarnogardły
0%
płochacz syberyski
0%
skowronek białoskrzydły
0%
sójka sybersyska
0%
świstunka iberysjka
0%
trznadel szarogłowy
0%

Rozkład punktacji

Percentyl według liczby udzielonych odpowiedzi

Procent ludzi z każdym wynikiem

Twoja historia wyników

Nie rozwiązałeś tego quizu